| 000 -LEADER |
| fixed length control field |
01371cam a22003853a 4500 |
| 001 - CONTROL NUMBER |
| control field |
13393495 |
| 003 - CONTROL NUMBER IDENTIFIER |
| control field |
NUST |
| 005 - DATE AND TIME OF LATEST TRANSACTION |
| control field |
20220509154341.0 |
| 008 - FIXED-LENGTH DATA ELEMENTS--GENERAL INFORMATION |
| fixed length control field |
030619s2003 nyu 000 1 eng d |
| 010 ## - LIBRARY OF CONGRESS CONTROL NUMBER |
| LC control number |
2003612015 |
| 020 ## - INTERNATIONAL STANDARD BOOK NUMBER |
| International Standard Book Number |
0425191052 |
| 035 ## - SYSTEM CONTROL NUMBER |
| System control number |
(OCoLC)ocm52466686 |
| 038 ## - RECORD CONTENT LICENSOR |
| Staff Name |
Arshad |
| 040 ## - CATALOGING SOURCE |
| Original cataloging agency |
OWL |
| Transcribing agency |
OWL |
| Modifying agency |
IHI |
| -- |
DLC |
| 042 ## - AUTHENTICATION CODE |
| Authentication code |
lccopycat |
| 050 00 - LIBRARY OF CONGRESS CALL NUMBER |
| Classification number |
CPB Box no. 2080 vol. 14 |
| 082 ## - DEWEY DECIMAL CLASSIFICATION NUMBER |
| Classification number |
813.54 |
| Author Mark |
MAT |
| 100 1# - MAIN ENTRY--PERSONAL NAME |
| Personal name |
Matetsky, Amanda. |
| 9 (RLIN) |
91405 |
| 245 10 - TITLE STATEMENT |
| Title |
Murderers prefer blondes / |
| Statement of responsibility, etc. |
Amanda Matetsky. |
| 250 ## - EDITION STATEMENT |
| Edition statement |
Berkley Prime Crime mass-market ed. |
| 260 ## - PUBLICATION, DISTRIBUTION, ETC. |
| Place of publication, distribution, etc. |
New York : |
| Name of publisher, distributor, etc. |
Berkley Publishing Group, |
| Date of publication, distribution, etc. |
2003. |
| 300 ## - PHYSICAL DESCRIPTION |
| Extent |
291 p. ; |
| Dimensions |
18 cm. |
| 500 ## - GENERAL NOTE |
| General note |
"Berkley Prime Crime mystery"--Spine. |
| 500 ## - GENERAL NOTE |
| General note |
"A Paige Turner mystery"--Cover. |
| 563 ## - BINDING INFORMATION |
| Binding note |
PBK |
| 650 #0 - SUBJECT ADDED ENTRY--TOPICAL TERM |
| Topical term or geographic name entry element |
Widows |
| Form subdivision |
Fiction. |
| 9 (RLIN) |
7299 |
| 650 #0 - SUBJECT ADDED ENTRY--TOPICAL TERM |
| Topical term or geographic name entry element |
Detective and mystery stories |
| General subdivision |
Authorship |
| Form subdivision |
Fiction. |
| 9 (RLIN) |
91406 |
| 655 #7 - INDEX TERM--GENRE/FORM |
| Genre/form data or focus term |
Mystery fiction. |
| Source of term |
gsafd |
| 710 2# - ADDED ENTRY--CORPORATE NAME |
| Corporate name or jurisdiction name as entry element |
Copyright Paperback Collection (Library of Congress) |
| Institution to which field applies |
DLC |
| 856 42 - ELECTRONIC LOCATION AND ACCESS |
| Materials specified |
Contributor biographical information |
| Uniform Resource Identifier |
<a href="http://www.loc.gov/catdir/enhancements/fy0717/2003612015-b.html">http://www.loc.gov/catdir/enhancements/fy0717/2003612015-b.html</a> |
| 856 42 - ELECTRONIC LOCATION AND ACCESS |
| Materials specified |
Publisher description |
| Uniform Resource Identifier |
<a href="http://www.loc.gov/catdir/enhancements/fy0717/2003612015-d.html">http://www.loc.gov/catdir/enhancements/fy0717/2003612015-d.html</a> |
| 906 ## - LOCAL DATA ELEMENT F, LDF (RLIN) |
| a |
7 |
| b |
cbc |
| c |
copycat |
| d |
2 |
| e |
ncip |
| f |
20 |
| g |
y-genrareb |
| 942 ## - ADDED ENTRY ELEMENTS (KOHA) |
| Source of classification or shelving scheme |
|
| Koha item type |
Book |